000 00976nam a2200241Ia 4500
003 OSt
005 20220923225003.0
006 a|||||r|||| 00| 0
007 ta
008 220922b |||||||| |||| 00| 0 hin d
024 _a254,733
037 _cTextual
040 _aARTS
_cARTS
_bhin
041 _2hin
_ahin
082 _aO1520v6,3:g, N2
100 _aकहार, भगवानदास नारायणदास
_9168288
245 0 _aहिन्दी और गुजराती कहानियों में हास्य और व्यंग्य का तुलनात्मक अनुशीलन
246 _aHindī aur gujarātī kahāniyoan mean hāsya aur vyangya kā tulanātmak anushīlana
260 _c1992
650 _aहिन्दी साहित्य
_9156264
942 _hO1520v6,3:g, N2
_cTEXL
_2CC
999 _c375258
_d375258